Fr. Conceicao Rodrigues College of Engineering

Neural networks: Matlab examples (Record no. 20173)

MARC details
000 -LEADER
fixed length control field 00398nam a2200181Ia 4500
082 ## - DEWEY DECIMAL CLASSIFICATION NUMBER
Classification number 4.65
Item number SAT
100 ## - MAIN ENTRY--PERSONAL NAME
Personal name Satish kumar
250 ## - EDITION STATEMENT
Edition statement 2
245 ## - TITLE STATEMENT
Title Neural networks: Matlab examples
260 ## - PUBLICATION, DISTRIBUTION, ETC.
Name of publisher, distributor, etc. Tata Mc Graw hill Ltd.
Date of publication, distribution, etc. 2013
366 ## - TRADE AVAILABILITY INFORMATION
Publishers's discount category 20
300 ## - PHYSICAL DESCRIPTION
Extent 735
546 ## - LANGUAGE NOTE
Language note ENGLISH
-- Computers
650 ## - SUBJECT ADDED ENTRY--TOPICAL TERM
Topical term or geographic name entry element Neural networks
654 ## - SUBJECT ADDED ENTRY--FACETED TOPICAL TERMS
Focus term neural networks
942 ## - ADDED ENTRY ELEMENTS (KOHA)
Koha item type BOOK
Holdings
Withdrawn status Lost status Damaged status Not for loan Collection Home library Current library Date acquired Source of acquisition Cost, normal purchase price Inventory number Total Checkouts Full call number Barcode Date last seen Cost, replacement price Price effective from Koha item type
        CRC Fr. Agnel's C.Rodrigues College of Engineering Fr. Agnel's C.Rodrigues College of Engineering 17/03/2023 Book Service Syndicate 460.00 58 dt 11.06.2014   4.65 SAT 23220 17/03/2023 575.00   BOOK